| 000 | 00517nam a2200169Ia 4500 | ||
|---|---|---|---|
| 999 |
_c14402 _d14402 |
||
| 003 | OSt | ||
| 005 | 20231227160749.0 | ||
| 008 | 190216s9999||||xx |||||||||||||| ||und|| | ||
| 040 | _coclc | ||
| 082 |
_a822.23 _bSHA/M |
||
| 100 | 1 |
_aShakespeare, William, _d1564-1616 _vAdaptations _974 |
|
| 245 | 0 |
_aMeasure For Measure / _cWilliam Shakespeare |
|
| 260 |
_bLakshmi Narain Agarwal, _c1969. _aAgra: |
||
| 300 | _a404p | ||
| 650 | _aEnglish Drama | ||
| 942 |
_cBK _2ddc _h822.23 _iSHA/M _k822.23 _mSHA/M |
||